000 00637nam a22002177a 4500
003 OSt
005 20240530110919.0
008 220524s1994 usa g 000 0 eng d
040 _aEG-CaGPL
_cEG-CaGPL
082 0 4 _a305.26/
_bP S
100 1 _4Pratt, Michael W
245 1 4 _aThe Social Psychology of Aging:
_bA Cognitive Perspective /
_cMichael W. Pratt, Joam E Norris
260 _aCambridge :
_bBlackwell;
_c1994.
300 _a268 p. ;
_c20 cm.
650 0 _aAging
_xSocial aspects
650 0 _2Aged
_xPsychology
650 0 _aSocial Perception
650 0 _aCognition in old age
700 1 _4Norris, Joan E.
942 _2ddc
_cBK
999 _c66458
_d66458